<?xml version="1.0" encoding="UTF-8"?><?xml-stylesheet type="text/xsl" href="static/style.xsl"?><OAI-PMH xmlns="http://www.openarchives.org/OAI/2.0/" xmlns:xsi="http://www.w3.org/2001/XMLSchema-instance" xsi:schemaLocation="http://www.openarchives.org/OAI/2.0/ http://www.openarchives.org/OAI/2.0/OAI-PMH.xsd"><responseDate>2026-06-01T19:56:48Z</responseDate><request verb="GetRecord" identifier="oai:riuma.uma.es:10630/9163" metadataPrefix="marc">https://riuma.uma.es/rest/oai/request</request><GetRecord><record><header><identifier>oai:riuma.uma.es:10630/9163</identifier><datestamp>2026-02-03T12:51:49Z</datestamp><setSpec>com_10630_5701</setSpec><setSpec>com_10630_3139</setSpec><setSpec>com_10630_10</setSpec><setSpec>col_10630_8862</setSpec></header><metadata><record xmlns="http://www.loc.gov/MARC21/slim" xmlns:dcterms="http://purl.org/dc/terms/" xmlns:doc="http://www.lyncode.com/xoai" xmlns:xsi="http://www.w3.org/2001/XMLSchema-instance" xsi:schemaLocation="http://www.loc.gov/MARC21/slim http://www.loc.gov/standards/marcxml/schema/MARC21slim.xsd">
   <leader>00925njm 22002777a 4500</leader>
   <datafield ind2=" " ind1=" " tag="042">
      <subfield code="a">dc</subfield>
   </datafield>
   <datafield ind2=" " ind1=" " tag="720">
      <subfield code="a">Arcas-Cubero, Fernando</subfield>
      <subfield code="e">author</subfield>
   </datafield>
   <datafield ind2=" " ind1=" " tag="260">
      <subfield code="c">1989</subfield>
   </datafield>
   <datafield ind2=" " ind1=" " tag="520">
      <subfield code="a">El Desastre de 1898 fue decisivo para la toma de conciencia política de la sociedad española frente al injusto y caduco sistema de la Restauración. Las clases populares -sumidas en una grave crisis económica- adquirieron esa conciencia crítica ante la exención de los hijos de la burguesía del sevicio militar, la falta de atención a las familias de los combatientes y a los heridos repatriados, la desinformación y el rumor sobre la marcha del conflicto, etc. La prensa independiente contribuyó con análisis realistas a esa toma de conciencia mucho antes de producirse el Desastre, recogiéndose en ella testimonios valiosos y poco utilizados sobre la guerra  como las cartas de los soldados. La expresión inmediata de la protesta social fuerno las movilizaciones. Unas, de signo inicial patriótico, acabaron transformándose en actos violentos contra los símbolos del orden establecido. Otras se hicieron contra la carestía al grito de "pan a real". Las clases dominantes, en cambio, apoyaron sin reservas el esfuerzo bélico español, como muestra el empréstito de 1896.</subfield>
   </datafield>
   <datafield ind1="8" ind2=" " tag="024">
      <subfield code="a">Baetica, 12, 1989, p. 279-298</subfield>
   </datafield>
   <datafield ind1="8" ind2=" " tag="024">
      <subfield code="a">0212-5099</subfield>
   </datafield>
   <datafield ind1="8" ind2=" " tag="024">
      <subfield code="a">http://hdl.handle.net/10630/9163</subfield>
   </datafield>
   <datafield tag="653" ind2=" " ind1=" ">
      <subfield code="a">Conflicto social - Málaga - 1898</subfield>
   </datafield>
   <datafield ind2="0" ind1="0" tag="245">
      <subfield code="a">Málaga en el 98: repercusiones sociales de la guerra hispano-cubano-norteamericana</subfield>
   </datafield>
</record>
</metadata></record></GetRecord></OAI-PMH>